| 000 | 00681nam a22002293a 4500 | ||
|---|---|---|---|
| 005 | 20241106063714.0 | ||
| 008 | 010531s19931997mx fr 000 0 spa d | ||
| 020 | _a0387945199 | ||
| 035 | _aUPN01000116296 | ||
| 049 | _aCG | ||
| 050 | 4 |
_aQA274.42 _bS7.2 |
|
| 245 | 0 | 0 |
_aStatistical models based on counting processes / _cPer Kragh Andersen ... [et al.]. |
| 260 |
_aNew York : _bSpringer-Verlag, _c1993 (impr. 1997) |
||
| 300 |
_a767 p. : _bil. |
||
| 440 | 0 | _aSpringer series in statistics | |
| 650 | 4 | _aPROCESOS PUNTUALES. | |
| 650 | 4 |
_aEstadÃstica matemática _98767 |
|
| 700 | 1 |
_aAndersen, Per, Kragh, _ecoaut. |
|
| 901 | _a171229 | ||
| 902 | _aLG/npd | ||
| 905 | _aLibro | ||
| 999 |
_c89047 _d89047 |
||